The adventures of Hajji Baba

Bibliographic Details
Main Author: Morier, James
Format: Book
Published: Scotland : Tynron Press , 1989
Subjects:

MARC

LEADER 00000cam a2200000 7i4500
001 0000003949
002 000004254
005 20000330.0
020 |a 1871948010 
090 0 0 |a F   |b MOR 
100 1 |a Morier, James 
245 1 4 |a The adventures of Hajji Baba   |c James Morier 
260 |a Scotland :   |b Tynron Press ,   |c 1989 
300 |a 581p. ;   |c 23cm. 
650 0 0 |a Adventure stories 
999 |a 037072   |b BUKU   |c PINJAMAN   |e PERPUSTAKAAN KOMUNITI PETALING JAYA